Exile and restoration revisited (Record no. 240290)
[ view plain ]
| 000 -LEADER | |
|---|---|
| fixed length control field | 02975nam a2200469 a 4500 |
| 082 04 - DEWEY DECIMAL CLASSIFICATION NUMBER | |
| Classification number | 221 |
| 245 00 - TITLE STATEMENT | |
| Title | Exile and restoration revisited |
| 260 ## - PUBLICATION, DISTRIBUTION, ETC. (IMPRINT) | |
| Place of publication | London : |
| Name of publisher | T & T Clark, |
| Year of publication | c2009. |
| 300 ## - PHYSICAL DESCRIPTION | |
| Number of Pages | x, 225 p. : |
| Other physical details | ill. |
| 490 1# - SERIES STATEMENT | |
| Series statement | Library of Second Temple studies ; |
| Series statement | T & T Clark library of biblical studies |
| 500 ## - GENERAL NOTE | |
| General note | "A Continuum imprint." |
| 505 0# - FORMATTED CONTENTS NOTE | |
| Formatted contents note | On the identity of the the 'foreign' women in Ezra 9-10 / Bob Becking -- The Persian period as a penitential era : the 'exegetical logic' of Daniel 9.1-27 / John S. Bergma -- The mystery of the missing 'sons of Aaron' / Joseph Blenkinsopp -- From exile and restoration to exile and reconstruction / Tamara Cohn Eskenazi -- Jeshua's 'high priestly' lineage? : a reassessment of Nehemiah 12.10-11 / Deidre N. Fulton -- 'They shall come rejoicing to Zion', or did they? : the settlement of Yehud in the early Persian period / Lester L. Grabbe -- Was Jerusalem a Persian fortress? / Lester L. Grabbe -- Administration of Achaemenid Phoenicia : a case for managed autonomy / Vadim S. Jigoulov -- The relation between history and thought : reflections on the subtitle of Peter Ackroyd's Exile and restoration / Reinhard G. Kratz -- Exile and restoration in light of recent archaeology and demographic studies / Eric M. Meyers -- Going beyond the myth of the empty land : a reassessment of the early Persian period / Jill A. Middlemas -- Rebuilding Jerusalem : Zechariah's vision within visions / Kenneth A. Ristau. |
| 650 #0 - SUBJECT ADDED ENTRY--TOPICAL TERM | |
| Topical Term | Judaism |
| 700 1# - ADDED ENTRY--PERSONAL NAME | |
| Personal name | Ackroyd, Peter R. |
| Personal name | Knoppers, Gary N., |
| Personal name | Grabbe, Lester L. |
| Personal name | Fulton, Deirdre N. |
| 856 40 - ELECTRONIC LOCATION AND ACCESS | |
| Uniform Resource Identifier | http://site.ebrary.com/lib/rucke/Doc?id=10427138 |
No items available.
